Statistiques concernant Personnages d'anime en images - F

Cliquez ici pour prendre le quiz!

Statistiques générales

  • Ce quiz a été pris 184 fois
  • Le résultat moyen est 5 sur 12

Statistiques - réponses

Réponse% Correct
Freezer
94%
Franky
81%
Fumikage Tokoyami
57%
Feitan Portor
55%
Flora
55%
Megumi Fushiguro
44%
Fubuki
34%
Fio Piccolo
24%
Frost Fiona
19%
Pannacotta Fugo
15%
Fuu
9%
Fujimoto
1%

Distribution des résultats

Percentile par nombre de réponses

% des personnes avec chaque résultat

Votre développement - résultats

Vous n’avez pas pris ce quiz